| 000 | 00765nam a22002537a 4500 | ||
|---|---|---|---|
| 001 | 11437 | ||
| 003 | BD-RjUL | ||
| 005 | 20211208235126.0 | ||
| 008 | 140126s1949 enka|||| b||| 00| 0 eng d | ||
| 035 | _a(BD-RjUL)11486 | ||
| 040 |
_aBD-RjUL _beng _cBD-RjUL |
||
| 041 | _aeng | ||
| 082 | 0 | 4 |
_219 _a551.5 _bBAC 1949 |
| 100 | 1 |
_aBalchin, W G V. _935352 |
|
| 245 | 1 | 0 |
_aClimatic and weather exercises / _cby W G V Balchin; A W Richards |
| 260 |
_aLondon : _bG.G. Harrap & Co., _c1949. |
||
| 300 |
_a79 p. : _bill., _c25 cm. |
||
| 504 | _aIncludes bibliography. | ||
| 650 | 0 |
_aMeteorology _xStudy and teaching. _935353 |
|
| 650 | 0 |
_aMeteorology _xObservers' manuals. _935354 |
|
| 650 | 0 |
_aMeteorology. _935355 |
|
| 700 | 1 |
_aRichards, A W. _935356 |
|
| 942 |
_2ddc _cBK |
||
| 999 |
_c11437 _d11437 |
||